Normal view
MARC view
- Ciencias naturales
Entry Materia
Number of records used in: 147
001 - NÚMERO DE CONTROL DEL REGISTRO
- campo de control: 4176
003 - IDENTIFICADOR DE NUMERO DE CONTROL
- campo de control: MX-MxUPN
005 - FECHA Y HORA DE LA ÚLTIMA TRANSACCIÓN
- campo de control: 20231121110801.0
008 - DATOS DE LONGITUD FIJA
- campo de control de longitud fija: 231121nn fnnnnbabn n ana d
035 ## - NÚMERO DE CONTROL DEL SISTEMA
- Número de control del sistema: UPN10000004176
040 ## - FUENTE DE LA CATALOGACIÓN
- Lengua de catalogación: spa
- Centro catalogador de origen: MX-MxUPN
150 ## - ENCABEZAMIENTO - TEMÁTICO
- Término de materia o nombre geográfico como elemento inicial: Ciencias naturales
- Subdivisión de materia general: Estudio y enseñanza (Preescolar)
670 ## - FUENTE EN LA QUE SE LOCALIZARON DATOS
- Cita de la fuente: B/P
902 ## - CATALOGADOR
- Catalogador: LG/091096
